000 00602cab a2200229 4500
001 X1926
008 090401t1995 xxu||||| |||| 00| 0 eng d
035 _a(Sirsi) u20391
041 _aeng
100 _aGetvoldsen, K.
245 _aLatham report: Review Implementation Forum present their findings to minister
260 _c1995
350 _a0
490 _aCSM (Chartered Surveyor Monthly)
_v4(4) February 1995, 7(1)
650 _aBRIEFING PROCESS
650 _aCONREG
650 _aRIF
650 _aLATHAM REFORMS
690 _aBUILT ENVIRONMENT
942 _n0
948 _c04/03/1997
999 _c13660
_d13660